| 000 | 00627nam a22001457a 4500 | ||
|---|---|---|---|
| 020 | _a978-0-241-50140-5 | ||
| 082 |
_a823 _bJEF/A |
||
| 100 | _aJEFFERSON'S ROWLEY | ||
| 245 | _aAWESOME FRIENDLY ADVENTURE | ||
| 260 |
_aUSA _bPUFFIN BOOKS _c2021 |
||
| 300 | _a217 | ||
| 520 | _aNow as this story goes, Roland woke up one morning and found his mother was kidnapped by an evil White Warlock. Immediately Roland started his preparation for a rescue mission. He and his best friend Garg the barbarian joined forces. After an elaborate shopping spree, they set out on their treacherous journey. | ||
| 650 | _aSHORT STORY | ||
| 942 | _cBK | ||
| 999 |
_c6869 _d6869 |
||